|
|
|
|
| LEADER |
00803nam a2200217 a 4500 |
| 001 |
344717 |
| 008 |
091208r19941983ii b 000 0 eng d |
| 010 |
|
|
|a 76016488
|
| 040 |
|
|
|a DLC
|c DLC
|d DLC
|
| 082 |
0 |
0 |
|a 330/.09
|2 20
|
| 100 |
1 |
|
|a Srivastava, Shri Krishna.
|
| 245 |
1 |
0 |
|a History of economic thought,
|c by S. K. Srivastava.
|
| 250 |
|
|
|a Fully rev. and enl. 4th ed.
|
| 260 |
|
|
|a Delhi,
|b S. Chand,
|c 1983.[Reprinted 1994]
|
| 300 |
|
|
|a xvi, 660 p.
|c 21 cm.
|
| 504 |
|
|
|a Includes bibliographies.
|
| 541 |
1 |
|
|e 00010946
|
| 650 |
|
0 |
|a Economics
|x History.
|
| 852 |
4 |
|
|a Ayesha Abed Library
|j General shelf
|
| 999 |
|
|
|c 6062
|d 6062
|
| 952 |
|
|
|0 0
|1 0
|2 ddc
|4 0
|6 330_090000000000000_SRI_1994
|7 0
|9 6054
|a BRACUL
|b BRACUL
|c GEN
|d 2009-12-14
|g 156.00
|l 1
|m 10
|o 330.09 SRI
|p 3010010946
|r 2013-12-20
|s 2013-09-28
|t 1
|v 312.00
|w 2009-12-14
|y BK
|